书目信息 |
| 题名: |
锰分族、铁系、铂系
|
|
| 作者: | 谢高阳 编著 | |
| 分册: | ||
| 出版信息: | 北京 科学出版社 1996.05 |
|
| 页数: | 648页 | |
| 开本: | 32开 | |
| 丛书名: | ||
| 单 册: | ||
| 中图分类: | O614.7 | |
| 科图分类: | ||
| 主题词: | 无机化学 | |
| 电子资源: | ||
| ISBN: | 7-03-004619-6 | |
| 000 | 00557nam0 2200193 45 | |
| 001 | 0009051678 | |
| 005 | 20000905161016.9 | |
| 010 | @a7-03-004619-6@d42.00元 | |
| 100 | @a20000905d1996 km y0chiy0120 ea | |
| 101 | 0 | @achi |
| 105 | @a z 000yy | |
| 200 | 1 | @a锰分族、铁系、铂系@AMeng Fen Zu、Tie Xi、Bo Xi@f谢高阳等编著@FXie Gao Yang Deng Bian Zhu |
| 210 | @a北京@c科学出版社@d1996.05 | |
| 215 | @a648页@d32开 | |
| 606 | 0 | @a无机化学 |
| 690 | @aO614.7@v3 | |
| 701 | 0 | @a谢高阳@4编著 |
| 801 | @aCN@bPftUser@c20000905 | |
| 905 | @b120934-935@dO614.7@eX913@f2 | |
| 锰分族、铁系、铂系/谢高阳等编著.-北京:科学出版社,1996.05 |
| 648页;32开 |
| ISBN 7-03-004619-6:42.00元 |
| ● |
| 相关链接 |
|
|
|
正题名:锰分族、铁系、铂系
索取号:O614.7/X913
 
预约/预借
| 序号 | 登录号 | 条形码 | 馆藏地/架位号 | 状态 | 备注 |
| 1 | 120934 | 201209343 | 自科库401/401自科库 62排2列3层/ [索取号:O614.7/X913] | 在馆 | |
| 2 | 120935 | 201209352 | 自科库401/401自科库 62排2列3层/ [索取号:O614.7/X913] | 在馆 |